| 000 | 00755nam a2200241Ia 4500 | ||
|---|---|---|---|
| 001 | dia_3853 | ||
| 003 | CHAP | ||
| 005 | 20251029161851.0 | ||
| 008 | 220117s1998 xx 000 0 und d | ||
| 010 | _a174460 | ||
| 040 |
_cCHAP _amxchpua |
||
| 090 | _aFOLLETO 2589 | ||
| 100 |
_aRuíz Espinoza, Felipe de Jesus _9100666 |
||
| 245 |
_aControl homeopatico del virus mosaico del tabaco (nicotina tabacum) / _c por Felipe de Jesus Ruíz Espinoza |
||
| 260 |
_aChapingo, México : _b UACh, Departamento de Parasitología Agrícola, _c1998 |
||
| 300 | _a26 p. | ||
| 500 | _aS/c | ||
| 650 |
_aTabaco _9111196 |
||
| 901 | _aFOLLETO 2589 | ||
| 902 | _aM | ||
| 905 | _a0000001998 mx 0000000000spa00 | ||
| 942 |
_cFOLL _2local |
||
| 999 |
_c174460 _d174460 |
||